=LDR 00000nam 2200000 4500 =001 000935 =005 20250712010224 =035 ##$$a 0010-0725000813 =007 ta =008 250712################a##########0#ind## =082 ##$$a 398. 209 598 =084 ##$$a 398. 209 598 NUR b =100 #$$a Nurhidayati, Fajriatun =245 1#$$a Balap Perahu /$c Fajriatul Nurhidayati =250 ##$$a Cetakan Kedua =260 ##$$a Jakarta Timur :$b Badan Pengembangan dan Pembinaan Bahasa,$c 2024 =300 ##$$a 36 hlm. : $b Ilus. ; $c 29,7 cm =650 #4$$a CERITA ANAK-INDONESIA =856 ##$$a TBM As-Suhada =990 ##$$a TBM202400629